| 000 | 00703nam a2200193 a 4500 | ||
|---|---|---|---|
| 005 | 20240924063927.0 | ||
| 008 | 991125s1993 mx 000 0 spa u | ||
| 035 | _aUPN01000004765 | ||
| 049 | _aF | ||
| 050 | 4 |
_aLB5 _bD54 no.28 |
|
| 100 | 1 |
_aGranja Castro, Josefina _933081 |
|
| 245 | 1 | 0 |
_aAspectos del desarrollo del campo educativo en México vistos a través de sus publicaciones sobre educación / _cJosefina Granja Castro. |
| 260 |
_aMéxico : _bIPN, Centro de Investigación y de Estudios Avanzados, _c1993. |
||
| 300 | _a9 p. | ||
| 440 | 0 |
_aDocumento DIE ; _v28 |
|
| 650 | 4 |
_aEducación _xInvestigación _94070 |
|
| 650 | 4 |
_aEDUCACION - _zMEXICO - _vPUBLICACIONES PERIODICAS _917638 |
|
| 905 | _aLibro | ||
| 999 |
_c4765 _d4765 |
||